| 000 | 00761nam a2200217 a 4500 | ||
|---|---|---|---|
| 005 | 20080412135321.0 | ||
| 008 | 040520m20049999ii b b 001 0 eng | ||
| 010 | _aENG-92554 | ||
| 020 |
_c750.00 _a9788183187954 |
||
| 035 | _aEN-76087 | ||
| 037 | _bDBAD / PUB | ||
| 040 |
_adpl _bEnglish |
||
| 082 | _a370.954 | ||
| 100 | _aSyed, M.H. | ||
| 245 |
_aEducation in emerging India / _cby M.H. Syed |
||
| 260 |
_aNew Delhi _bHimalaya Publishing House _c2007 |
||
| 300 |
_a476p. _c22 cm (pbk) |
||
| 650 |
_aEducation _zIndia |
||
| 942 |
_2ddc _cEN _mSYE _h370.954 |
||
| 999 |
_c21098 _d21098 |
||